000 00378nam a2200145Ia 4500
008 230917s9999||||xx |||||||||||||| ||und||
040 _e177504
_aMAIN
041 _aEnglish
082 _a660.60243637 E89E
100 _aArvind Kumar, ed.
245 0 _aEnvironmental biotechnology
260 _aNew Delhi
_bDaya Publishing House
_c2004
300 _axxii, 354 p.
942 _cBK
999 _c156249
_d156249